书目信息 |
| 题名: |
番茄辣椒茄子良种
|
|
| 作者: | 胡是麟 , 袁珍珍 | |
| 分册: | ||
| 出版信息: | 北京 金盾出版社 1995.03 |
|
| 页数: | 133页 | |
| 开本: | 19cm | |
| 丛书名: | ||
| 单 册: | ||
| 中图分类: | S641.03 | |
| 科图分类: | ||
| 主题词: | 园艺 | |
| 电子资源: | ||
| ISBN: | 7-5082-0006-3 | |
| 000 | 00580nam0 2200205 450 | |
| 001 | 0735610750 | |
| 005 | 20071217100118.41 | |
| 010 | @a7-5082-0006-3@dCNY5.90 | |
| 100 | @a20071217d1995 km y0chiy0120 ea | |
| 101 | 0 | @achi |
| 102 | @aCN | |
| 200 | 1 | @a番茄辣椒茄子良种@Afan qie la jiao qie zi liang zhong@f胡是麟,袁珍珍@Fhu shi lin,yuan zhen zhen |
| 210 | @a北京@c金盾出版社@d1995.03 | |
| 215 | @a133页@d19cm | |
| 606 | 0 | @a园艺 |
| 690 | @aS641.03@v4 | |
| 701 | 0 | @a胡是麟@Ahu shi lin |
| 701 | 0 | @a袁珍珍@Ayuan zhen zhen |
| 801 | 0 | @aCN@bPFT@c20071217 |
| 905 | @aBZT@dS641.03@e90 | |
| 番茄辣椒茄子良种/胡是麟,袁珍珍.-北京:金盾出版社,1995.03 |
| 133页;19cm |
| ISBN 7-5082-0006-3:CNY5.90 |
| ● |
| 相关链接 |
|
|
|
正题名:番茄辣椒茄子良种
索取号:S641.03/90
 
预约/预借
| 序号 | 登录号 | 条形码 | 馆藏地/架位号 | 状态 | 备注 |
| 1 | 071174 | 220000418 | 中心书库中库/ 中库032架B面5列2层1/ [索取号:S641.03/90] | 在馆 | |
| 2 | 071175 | 220000417 | 中心书库中库/ 中库032架B面5列2层2/ [索取号:S641.03/90] | 在馆 | |
| 3 | 071176 | 220000416 | 中心书库中库/ 中库032架B面5列2层3/ [索取号:S641.03/90] | 在馆 | |
| 4 | 071177 | 220000415 | 中心书库中库/ 中库032架B面5列2层73/ [索取号:S641.03/90] | 在馆 | |
| 5 | 071178 | 220000414 | 中心书库中库/ 中库032架B面5列2层74/ [索取号:S641.03/90] | 在馆 | |
| 6 | 071179 | 220000413 | 中心书库中库/ 中库032架B面5列2层75/ [索取号:S641.03/90] | 在馆 | |
| 7 | 071180 | 220000412 | 中心书库中库/ 中库032架B面5列2层76/ [索取号:S641.03/90] | 在馆 | |
| 8 | 071181 | 220000411 | 中心书库中库/ 中库032架B面5列2层77/ [索取号:S641.03/90] | 在馆 | |
| 9 | 071182 | 220000792 | 中心书库中库/ 中库032架B面5列2层78/ [索取号:S641.03/90] | 在馆 | |
| 10 | 071183 | 220000791 | 中心书库中库/ 中库032架B面5列2层79/ [索取号:S641.03/90] | 在馆 | |
| 11 | 071184 | 220000790 | 中心书库中库/ 中库032架B面5列2层80/ [索取号:S641.03/90] | 在馆 | |
| 12 | 071185 | 220000789 | 中心书库中库/ 中库032架B面5列2层81/ [索取号:S641.03/90] | 在馆 | |
| 13 | 071186 | 220000788 | 中心书库中库/ 中库032架B面5列2层82/ [索取号:S641.03/90] | 在馆 | |
| 14 | 071187 | 220000787 | 中心书库中库/ 中库032架B面4列5层62/ [索取号:S641.03/90] | 在馆 | |
| 15 | 071188 | 220000786 | 中心书库中库/ 中库032架B面4列5层63/ [索取号:S641.03/90] | 在馆 | |
| 16 | 071189 | 220000785 | 中心书库中库/ 中库032架B面4列5层64/ [索取号:S641.03/90] | 在馆 | |
| 17 | 071190 | 220000784 | 中心书库中库/ 中库032架A面6列6层1/ [索取号:S641.03/90] | 在馆 | |
| 18 | 071191 | 220000783 | 中心书库中库/ 中库032架B面5列2层6/ [索取号:S641.03/90] | 在馆 | |
| 19 | 071192 | 220000782 | 中心书库中库/ 中库032架B面5列2层7/ [索取号:S641.03/90] | 在馆 | |
| 20 | 071193 | 220000781 | 中心书库中库/ 中库032架B面5列4层114/ [索取号:S641.03/90] | 在馆 | |
| 21 | 103664 | 220000780 | 中心书库中库/ 中库032架B面5列2层5/ [索取号:S641.03/90] | 在馆 | |
| 22 | 103665 | 220000779 | 中心书库中库/ 中库032架B面5列3层93/ [索取号:S641.03/90] | 在馆 | |
| 23 | 103666 | 220000778 | 中心书库中库/ 中库032架B面5列4层15/ [索取号:S641.03/90] | 在馆 | |
| 24 | 103667 | 220000777 | 中心书库中库/ 中库032架B面5列3层94/ [索取号:S641.03/90] | 在馆 | |
| 25 | 103668 | 220000776 | 中心书库中库/ 中库032架B面5列3层95/ [索取号:S641.03/90] | 在馆 | |
| 26 | 103669 | 220000775 | 中心书库中库/ 中库032架B面5列3层96/ [索取号:S641.03/90] | 在馆 | |
| 27 | 103670 | 220000774 | 中心书库中库/ 中库032架B面5列3层89/ [索取号:S641.03/90] | 在馆 | |
| 28 | 103671 | 220000773 | 中心书库中库/ 中库032架B面5列3层90/ [索取号:S641.03/90] | 在馆 | |
| 29 | 103672 | 220000772 | 中心书库中库/ 中库032架B面5列3层91/ [索取号:S641.03/90] | 在馆 | |
| 30 | 103673 | 220000771 | 中心书库中库/ 中库032架B面5列2层4/ [索取号:S641.03/90] | 在馆 |